Statistics for You Need To Calm Down - Taylor Swift (All Lyrics)

Click here to take the quiz!

General Stats

  • This quiz has been taken 67 times
  • The average score is 288 of 348

Answer Stats

Lyrics% Correct
a
100%
And
100%
and
100%
I
100%
to
100%
(You
100%
You
100%
you
100%
your
100%
(You're
100%
you're
100%
You're
100%
be
98%
calm
98%
down,
98%
down)
98%
down
98%
Like
98%
like
98%
like,
98%
need
98%
So
98%
in
96%
it
96%
just
96%
loud
96%
loud)
96%
that
96%
too
96%
being
94%
But
94%
know
94%
me
94%
never
94%
on
94%
somebody
94%
the
94%
we
94%
We
94%
7
92%
AM
92%
at
92%
don't
92%
I'm
92%
it's
92%
no
92%
are
90%
mad
90%
my
90%
damn,
88%
not
88%
(Oh)
88%
"Hey,
85%
is
85%
less
85%
out
85%
who
85%
all
83%
gay
83%
stop,
83%
stop
83%
stop?)
83%
street
83%
anybody
81%
(Can
81%
can
81%
gown?
81%
made
81%
okay?"
81%
step
81%
takin'
81%
try
81%
when
81%
fun
79%
shade
79%
shots
79%
'Cause
77%
knock
77%
take
77%
with
77%
bones
75%
broke
75%
say
75%
Say
75%
stones
75%
could
73%
GLAAD?
73%
GLAAD)
73%
mess
73%
self
73%
that's
73%
ain't
71%
expression
71%
hate
71%
see
71%
would
71%
else
69%
Makin'
69%
night
69%
parade
69%
people
69%
Tweet,
69%
cop
67%
dark
67%
must've
67%
over
67%
Patrón
67%
rather
67%
taken
67%
Why
67%
friends
65%
got
65%
several
65%
sign
65%
street,
65%
there
65%
comin'
63%
obsessin'
63%
crowns
60%
I've
60%
lesson
60%
seats
60%
Comparing
58%
girls
58%
internet
58%
killing
58%
learned
58%
stressin'
58%
about
56%
ages
56%
figured
56%
now
56%
then
56%
'bout
54%
his
54%
our
54%
snakes
54%
Sunshine
54%
tryna
54%
scream
52%
urges
52%
missile
48%
peace
46%
restore
46%
control
38%
gowns?
35%
Uh-oh,
33%
uh-oh
33%
uh-oh,
33%

Score Distribution

Percentile by Number Answered

Percent of People with Each Score

Your Score History

You have not taken this quiz